Biblioteca

Educación que es cristiana : una introducción a la filosofía de la educación cristiana / Lois E. Lebar (Registro nro. 41206)

Detalles MARC
000 -LÍDER
Campo fijo de descripción fija 011410000a22002170004500
020 ## - NÚMERO INTERNACIONAL NORMALIZADO PARA LIBROS
Número Internacional Normalizado del libro 978-1-58802-421-3
082 04 - NÚMERO DE CLASIFICACIÓN DECIMAL DEWEY
Número de clasificación G 268.4 L441e
001 - NÚMERO DE CONTROL
Campo de control 12180
100 1# - ASIENTO PRINCIPAL--NOMBRE PERSONAL
Nombre personal LeBar, Lois E. (1907-)
245 10 - TÍTULO
Título del Material Educación que es cristiana : una introducción a la filosofía de la educación cristiana / Lois E. Lebar
260 ## - PUBLICACIÓN, DISTRIBUCIÓN, ETC. (PIE DE IMPRENTA)
Lugar de publicación, distribución, etc. Miami, Fl. : Patmos
300 ## - DESCRIPCIÓN FÍSICA
Extensión 269 p.
336 ## - CONTENT TYPE
Content type term texto
Content type code txt
Source rdacontent
337 ## - MEDIA TYPE
Source rdamedia
Media type term sin mediación
Media type code n
338 ## - CARRIER TYPE
Source rdacarrier
Carrier type term volumen
Carrier type code nc
501 ## - NOTA DE “CON”
Nota de Contenido rústico
505 00 - NOTA DE CONTENIDO
Nota de contenido con formato preestablecido La necesidad de cimientos para la enseñanza cristiana -- Excepcionales patrones de educación -- El maestro venido de Dios -- Enseñanza de otros pasajes de la escritura -- El uso de la Biblia en la enseñanza -- El proceso de enseñanza aprendizaje -- Autoridad y creatividad -- La estructura del currículo -- Colaboración entre el maestro humano y el Maestro divino
650 14 - ASIENTO SECUNDARIO DE MATERIA - TERMINO TEMÁTICO
Término temático o nombre geográfico como elemento de entrada EDUCACION CRISTIANA \ FILOSOFIA DE LA EDUCACION \ EDUCACION - ENSEÑANZA \ BIBLIA - ENSEÑANZA \ EDUCACION RELIGIOSA - METODOS DE ENSEÑANZA
942 ## - TIPO DE MATERIAL (KOHA)
Tipo de Item KOHA Libros General
Existencias
Estado de Material Estado de Perdido Estado de Dañado No para Préstamo Colección Tomo Biblioteca de Origen Biblioteca Permanente Fecha de Adquisición Total de Préstamos Total de Renovaciones Signatura Topográfica Código de Barras Prestado Última vez visto Última vez Préstado Ejemplar/Existencia Fecha de Remplazo Tipo de Material
        Colección General   Biblioteca FUSBC Biblioteca FUSBC 19/07/2013 10 5 G 268.4 L441e 17441 24/04/2026 18/03/2026 18/03/2026 1 26/01/2016 Libros General

Biblioteca FUSBC | Teléfono: (57+4) 349 88 10 Ext. 141| WhatsApp (+57) 3005338115 
E-mail: biblioteca@unisbc.edu.co | Calle 76 87-14 Robledo Palenque, Medellín, Colombia

Con tecnología Koha